Catálogo
 En Linea
Vista normal Vista MARC

Entrada Nombre de reunión

Número de registros utilizados en: 1

001 - NÚMERO DE CONTROL

  • campo de control: 85053

003 - IDENTIFICADOR DEL NÚMERO DE CONTROL

  • campo de control: DO-SdBNP

005 - FECHA Y HORA DE LA ÚLTIMA TRANSACCIÓN

  • campo de control: 20240315104256.0

008 - DATOS DE LONGITUD FIJA

  • campo de control de longitud fija: 240315|| aca||aabn | a|a d

040 ## - FUENTE DE LA CATALOGACIÓN

  • Centro catalogador/agencia de origen: DO-SdBNP
  • Centro/agencia transcriptor: DO-SdBNP

111 ## - ENCABEZAMIENTO--NOMBRE DE CONGRESO/REUNIÓN

  • Nombre de congreso/reunión o jurisdicción como elemento de entrada: Concurso Nacional de Ensayo "Democracia e Identidad "
  • Número del congreso/reunión o número de parte o sección: (1 :
  • Fecha del congreso/reunión: 2022
  • Sede del congreso/Lugar de la reunión: Santo Domingo )

670 ## - FUENTE DE DATOS ENCONTRADOS

  • Cita de la fuente: Work cat.: (DO-SdBNP)55918: 64741, Compendio de ensayos en materia electoral y del estado civil /

Con tecnología Koha